Statistics for Aztec Empire Quiz

Click here to take the quiz!

General Stats

  • This quiz has been taken 151 times
  • The average score is 9 of 15

Answer Stats

QuestionAnswer% Correct
In which modern-day country was most of the Aztec Empire located?Mexico
98%
What was the capital of the Aztec Empire?Tenochtitlan
91%
Staple crop of the empireMaize
84%
Leader of the Spanish conquestHernan Cortes
79%
According to Aztec Mythology, this must be provided to the sun or it will fail to rise, bringing about the end of the world.Human blood
79%
Animal brought to the region by the SpanishHorse
73%
Disease transmitted from the Spanish which killed an estimated three million AztecsSmallpox
72%
The state religion of the empire was _______ ; which means to believe in more than one god.Polytheism
64%
And what lake was this capital founded in?Texcoco
60%
Emperor of the Aztec Empire during the Spanish conquest.Moctezuma
59%
Year the Aztec Empire was defeated by the Spanish empire1521
53%
Name one of the 12 main languages spoken in the Aztec EmpireNahuatl
53%
What is the name of the Meso-American floating gardens used by the Aztecs to grow food?Chinampa
33%
Traditional enemies of the Aztecs which helped the Spanish conquer the capital.Tlaxcalans
21%
Crops used as currency in Aztec EmpireCoffee Bean/Quachtli
16%

Score Distribution

Percentile by Number Answered

Percent of People with Each Score

Your Score History

You have not taken this quiz